UBT Library

clinicaal mangement of substance abuse programs (Record no. 41391)

000 -LEADER
fixed length control field 00293nam a22001217a 4500
008 - FIXED-LENGTH DATA ELEMENTS--GENERAL INFORMATION
fixed length control field 180131b xxu||||| |||| 00| 0 eng d
041 ## - LANGUAGE CODE
Language code of text/sound track or separate title eng
080 ## - UNIVERSAL DECIMAL CLASSIFICATION NUMBER
Universal Decimal Classification number 159.9
100 ## - Rafti
Rafti 48
101 ## - Shkurtesa
Shkurtesa psi
245 ## - TITLE STATEMENT
Title clinicaal mangement of substance abuse programs
Statement of responsibility, etc craig.r.j
942 ## - ADDED ENTRY ELEMENTS (KOHA)
Source of classification or shelving scheme
Item type Books
Holdings
Withdrawn status Lost status Source of classification or shelving scheme Damaged status Not for loan Collection code Permanent location Current location Shelving location Date acquired Total Checkouts Full call number Barcode Date last seen Price effective from Koha item type
          Koleksioni i përgjithshem UBT - Lipjan UBT - Lipjan Koleksioni i përgjithshem 01/31/2018   159.9 cra 002-2998033 01/31/2018 01/31/2018 Books
UBT Library © 2015-2024. All rights reserved University Education for Business and Technology